000
00239nam a22001097a 4500
020
_a
0-7214-1572-5
082
_a
823
_b
HUN/S
245
_a
THE SLY FOX AND RED HEN
260
_a
UK
_b
LADY BIRD
650
_a
ENGLISH SHORT STORY
_z
UK
942
_c
BK
999
_c
2100
_d
2100